00176nam a22000857a 4500082001400000100001100014245003600025260002100061300000800082 a622.23CHU aChugh  aManual of Drilling Technology  aNew Delhi c1985 a567